Library Logo

Pioneer International University Library Catalogue

Laboratory exercises in anatomy and physiology with cat dissections (Record no. 1187)

MARC details
000 -LEADER
fixed length control field 00317nam a22000977a 4500
005 - DATE AND TIME OF LATEST TRANSACTION
control field 20250901165248.0
008 - FIXED-LENGTH DATA ELEMENTS--GENERAL INFORMATION
fixed length control field 210301b ||||| |||| 00| 0 eng d
050 ## - LIBRARY OF CONGRESS CALL NUMBER
Classification number QP44 .T67
245 ## - TITLE STATEMENT
Title Laboratory exercises in anatomy and physiology with cat dissections
Statement of responsibility, etc. TORTORA, GERARD
942 ## - ADDED ENTRY ELEMENTS (KOHA)
Source of classification or shelving scheme Library of Congress Classification
Classification part QP44 .T67 1985
Holdings
Withdrawn status Lost status Source of classification or shelving scheme Damaged status Not for loan Home library Current library Shelving location Date acquired Total checkouts Barcode Date last seen Price effective from Koha item type
    Library of Congress Classification     Main Library Main Library   03/01/2021   PU0008608 03/01/2021 03/01/2021 Books